000 00637nam a2200229Ia 4500
005 20250508164040.0
008 008 250505s9999 xx 000 0 eng d
020 _a1-85396-449-2
037 _aReference
040 _aFEDL
_beng
_cFEDL
041 _aeng
_2eng
084 _a372.3, HAR
_qFEDL
100 _aHarlen Wynne
245 0 _aTeaching, learning and assessing science 5-12
250 _a3
260 _aLondon, UK
_bPaul Chapman Publishing
_c2000
300 _axii,257p
365 _aGBP
_b18.99
650 _aPrimary education - Science
_9776054
942 _cREF
_h372.3, HAR
999 _c1386774
_d1386774